Top 15 wrs in speedblox (reverse) - Statistics

General Stats
  • This quiz has been taken 10 times
  • The average score is 5 of 15
Answer Stats
Hint Answer % Correct
68 wrs bihv2
78%
85 wrs ErrorTexturePack
78%
65 wrs DD3985666
67%
88 wrs ILLUMlNIZE
67%
157 wrs Svante2013
44%
80 wrs ThePersonYouMetNow
33%
71 wrs jakerobo10
22%
125 wrs LJSGaming152
22%
31 wrs tuilaai2002
22%
36 wrs Agent_J03Y
11%
45 wrs cqqp7676
11%
23 wrs RoBoT_ERI
11%
25 wrs TheRubberbandManE
11%
26 wrs XxIconKingxX
11%
37 wrs zelva_domca
11%
No matching quizzes found
Score Distribution
Percent of People with Each Score
Percentile by Number Answered
Your Score History
You have not taken this quiz